Representación y liderazgo en las democracias contemporáneas
Guardado en:
| Autor principal: | |
|---|---|
| Formato: | Desconocido |
| Publicado: |
Buenos Aires:
HomoSapiens Ediciones
|
| Materias: | |
| Etiquetas: |
Agregar Etiqueta
Sin Etiquetas, Sea el primero en etiquetar este registro!
|
MARC
| LEADER | 00000 a2200000 04500 | ||
|---|---|---|---|
| 001 | 31142 | ||
| 003 | |||
| 008 | 991231s d | ||
| 040 | |||
| 020 | |a 950-808-271-2 | ||
| 022 | |a 950-808-271-2 | ||
| 090 | |a 197702 | ||
| 100 | |a Novaro, Marcos | ||
| 245 | |a Representación y liderazgo en las democracias contemporáneas | ||
| 260 | |a Buenos Aires: |b HomoSapiens Ediciones | ||
| 300 | |a 300 p. | ||
| 650 | |a POLITICA | ||
| 650 | |a REPRESENTACION DE LOS TRABAJADORES | ||
| 650 | |a AUTORITARISMO | ||
| 650 | |a TEORIA POLITICA | ||
| 999 | |c 13206 |d 13206 | ||



